MARC

LEADER 00000nam0a2200000 4500
001 369724
005 20231102012218.0
035 |a (RuTPU)RU\TPU\retro\27131 
090 |a 369724 
100 |a 20220601d1980 km y0rusy50 ca 
101 0 |a rus 
102 |a RU 
105 |a a z 001zy 
200 1 |a Экология и капиталистический город  |f А. К. Быстрова  |g Академия наук СССР, Институт мировой экономики и международных отношений 
210 |a Москва  |c Наука  |d 1980 
215 |a 175 с.  |c ил. 
320 |a Библиогр.: с. 166-173 
606 1 |a Окружающая среда в целом  |2 stltpush  |3 (RuTPU)RU\TPU\subj\38932  |9 59176 
606 1 |a Города  |x Социология  |2 stltpush  |3 (RuTPU)RU\TPU\subj\8283  |9 35738 
610 1 |a экология 
610 1 |a капиталистическое общество 
610 1 |a качество 
610 1 |a экологические кризисы 
610 1 |a природоохранная политика 
610 1 |a экономические аспекты 
675 |a 502  |v 4 
686 |a С55.661  |v LBC/SL-A  |2 rubbk 
700 1 |a Быстрова  |b А. К.  |g Анна Кирилловна 
712 0 2 |a Академия наук СССР  |b Институт мировой экономики и международных отношений  |c (Москва)  |2 stltpush  |3 (RuTPU)RU\TPU\col\11484  |9 25124 
801 1 |a RU  |b 63413507  |c 20220601 
942 |c BK